000
00269nam a22001217a 4500
020
_a
0356-08157-5
082
_a
355.4 BEA'S
100
_a
BEAUFRE, ANDRE
_9
37951
245
_a
STRATEGY FOR TOMORROW
260
_a
LONDON
_b
MACDONALD
_c
1974
300
_a
91P
942
_c
BK
999
_c
582899
_d
582899